01876nam a2200385 i 4500001001000000003000900010005001700019007000300036008004100039020001500080040003000095082002700125100004600152245006800198264003600266300002800302336002700330337003300357338002800390490002800418500007300446590002600519650003000545651004200575651007200617651007200689910004200761942001400803952013600817952013600953952013601089952012101225952012701346999001701473000024309DO-SdBNP20250502093253.0ta110126s1984 dr 000 0 spa d a8484000125 aDO-SdBNPbspacBNPHUerda 4a327.7307293bM671r2221 aMir, Pedro,d1913-2000eautor4aut.9724514aLas raíces dominicanas de la doctrina de Monroe /cPedro Mir. 1aSanto Domingo :bTaller,c1984. a107 páginas ;c23 cm. atextobtxt2rdacontent asin mediaciónbn2rdamedia avolumenbnc2rdacarrier1 aBiblioteca Taller ;v43 aIncluye referencias bibliográficas y notas al pie de las páginas aInventariado, 2018/BT 4aDoctrina de monroe949882 4aRepública DominicanaxHistoria9170 4aRepública DominicanaxRelaciones exterioreszEstados Unidos96308 4aEstados UnidosxRelaciones exterioreszRepública Dominicana96309 aValidado. Control de calidad. MMOLINA 2ddccLBS1 001054708DSaGRbGRcHDd2011-01-26iLF1l0o327.7307293 M671rp24309-30r2020-06-25te. 3w2020-06-25yLFDSZPréstamo en sala 001054708DSaGRbGRcHDd2011-01-26iLF1l0o327.7307293 M671rp24309-40r2020-06-25te. 4w2020-06-25yLFDSZPréstamo en sala 001054708DSaGRbGRcHDd2018-05-28iLF1l0o327.7307293 M671rp24309-50r2020-06-25te. 5w2020-06-25yLFDSZPréstamo en sala 0010718PDaPDbPDcHDd2011-01-26iLF1l0o327.7307293 M671rp24309-10r2020-06-25w2020-06-25yLFPDZNo se presta 0010718PDaPDbPDcHDd2011-01-26iLF1l0o327.7307293 M671rp24309-20r2020-06-25te. 2w2020-06-25yLFPDZNo se presta c23802d23802